2023 AFL Grand Final Teams - Statistics

General Stats
  • This quiz has been taken 234 times
  • The average score is 34 of 48
Answer Stats
Number Position Answer % Correct
7 MID Josh Daicos
94%
35 MID/DEF Nick Daicos
94%
14 RUCK Darcy Cameron
92%
23 FWD Charlie Cameron
91%
30 (c) DEF Darcy Moore
91%
9 (c) MID Lachie Neale
91%
46 FWD/RUCK Mason Cox
90%
23 FWD Bobby Hill
89%
10 MID Scott Pendlebury
89%
2 MID Jordan De Goey
87%
22 MID Steele Sidebottom
83%
3 FWD Joe Daniher
82%
4 DEF Brayden Maynard
80%
17 DEF/FWD Billy Frampton
79%
31 (c) DEF Harris Andrews
79%
3 DEF Isaac Quaynor
79%
Coach Craig McRae
78%
1 (sub) MID/FWD Pat Lipinski
77%
5 FWD Jamie Elliott
74%
32 MID/FWD Will Hoskin-Elliott
74%
25 MID/DEF Jack Crisp
72%
5 MID Josh Dunkley
72%
6 MID Tom Mitchell
72%
38 DEF Jeremy Howe
71%
30 FWD Eric Hipwood
70%
15 MID/FWD Dayne Zorko
69%
28 DEF Nathan Murphy
68%
41 FWD Brody Mihocek
66%
33 FWD Jack Ginnivan
66%
33 FWD/MID Zac Bailey
66%
16 FWD/MID Cam Rayner
65%
Coach Chris Fagan
64%
6 MID Hugh McCluggage
61%
37 DEF Oleg Markov
60%
7 MID Jarrod Berry
59%
46 RUCK Oscar McInerney
59%
31 FWD Beau McCreery
57%
4 FWD/DEF Callum Ah Chee
57%
18 DEF Keidean Coleman
57%
2 MID/FWD Deven Robertson
53%
11 FWD Lincoln McCarthy
53%
37 DEF Brandon Starcevich
51%
27 DEF Darcy Gardiner
48%
44 DEF Darcy Wilmot
47%
17 (sub) MID Jarryd Lyons
45%
35 DEF Ryan Lester
44%
28 MID Jaspa Fletcher
43%
26 DEF Conor McKenna
39%
No matching quizzes found
Score Distribution
Percent of People with Each Score
Percentile by Number Answered
Your Score History
You have not taken this quiz